| 000 | 00365nam a2200145Ia 4500 | ||
|---|---|---|---|
| 008 | 150201s2004 xx 000 0 und d | ||
| 082 |
_a615.83 _bM2004N |
||
| 100 | _aNORKIN.CYNTHINA C. | ||
| 245 | _aMEASURMENT OF JOINT MOTION | ||
| 250 | _a3RD | ||
| 260 |
_bJAYPEE MEDICAL PUBLISHER _aDELHI _c2004 |
||
| 300 | _a1-404 | ||
| 650 | _aPHYSIOTHERAPY | ||
| 942 |
_2ddc _cBK |
||
| 999 |
_c3910 _d3910 |
||